Vybrané problémy komunikácie použivateľ systému - počítač v podmienkach vrcholového riadenia dopravy kandidátska dizertačná práca

Gespeichert in:
Bibliographische Detailangaben
1. Verfasser: Kokles, Mojmír
Körperschaft: Vysoká škola ekonomická v Bratislave. Fakulta riadenia
Weitere Verfasser: Gireth, Igor
Format: Buch
Sprache:Slowakisch
Veröffentlicht: Bratislava 1986
Tags: Tag hinzufügen
Keine Tags, Fügen Sie das erste Tag hinzu!

MARC

LEADER 00000nam a2200000 4500
001 c028410
005 20260108074953.7
041 0 |a slo 
044 |a SK 
245 1 0 |a Vybrané problémy komunikácie použivateľ systému - počítač v podmienkach vrcholového riadenia dopravy  |b kandidátska dizertačná práca  |c Mojmír Kokles ; Ved. práce Igor Gireth 
264 1 |a Bratislava  |c 1986 
300 |a 141 s. 
100 1 |a Kokles, Mojmír 
700 1 |a Gireth, Igor 
710 2 |a Vysoká škola ekonomická v Bratislave. Fakulta riadenia